00305nam a2200109Ia 4500008004100000020002200041050002300063245005200086260002700138300001800165650001200183151021s9999 xx 000 0 und d a9.7800733797e+012 aG 1046.F1 A4 1991  a_Students Atlas of the world Politics[ 8th ed]  aUSA McGraw- Hill 1991  axv,236p;ill.  a_Atlas